[Event "SUI-chT"]
[Site "Switzerland"]
[Date "2025.03.16"]
[Round "1.8"]
[White "Collin, Moritz Valentin"]
[Black "Cavadini, Tiziano"]
[Result "1-0"]
[WhiteElo "2256"]
[BlackElo "1851"]
[PlyCount "53"]
[EventDate "2025.03.16"]
[EventType "team-tourn"]
[EventRounds "9"]
[EventCountry "SUI"]
[SourceTitle "CB14_2025"]
[SourceDate "2024.11.01"]
[SourceVersion "1"]
[SourceVersionDate "2024.11.01"]
[SourceQuality "1"]
[WhiteTeam "Riehen"]
[BlackTeam "Mendrisio"]
[WhiteTeamCountry "SUI"]
[BlackTeamCountry "SUI"]

1. Nf3 d5 2. g3 Nf6 3. Bg2 Bg4 4. d3 c6 5. Nbd2 Nbd7 6. h3 Bf5 7. Nh4 Bg6 8. 0-0 e6 9. e4 dxe4 10. dxe4 Bh5 11. Qe1 g5 12. Nhf3 h6 13. e5 Nd5 14. a3 Be7 15. Nd4 Bg6 16. Nc4 N7b6 17. Na5 Qc7 18. c4 Bd3 19. cxd5 Nxd5 20. b4 Bxf1 21. Bxf1 0-0 22. Bb2 Bd8 23. Qe4 Kg7 24. Nc4 Be7 25. Bd3 Rh8 26. Nd6 Raf8 27. Nxe6+ 1-0

[Event "SUI-chT"]
[Site "Switzerland"]
[Date "2024.08.25"]
[Round "7.8"]
[White "Cavadini, Tiziano"]
[Black "Haag, Gregor"]
[Result "0-1"]
[WhiteElo "1868"]
[BlackElo "2350"]
[PlyCount "100"]
[EventDate "2024.03.10"]
[EventType "team-tourn"]
[EventRounds "9"]
[EventCountry "SUI"]
[SourceTitle "EXT 2025"]
[Source "ChessBase"]
[SourceDate "2024.10.14"]
[SourceVersion "1"]
[SourceVersionDate "2024.10.14"]
[SourceQuality "1"]
[WhiteTeam "Mendrisio"]
[BlackTeam "Riehen"]
[WhiteTeamCountry "SUI"]
[BlackTeamCountry "SUI"]

1. e4 c5 2. Nf3 d6 3. Bb5+ Bd7 4. Bxd7+ Nxd7 5. c3 Ngf6 6. Qe2 e6 7. d4 cxd4 8. cxd4 d5 9. e5 Bb4+ 10. Bd2 Bxd2+ 11. Nbxd2 Ng8 12. 0-0 Ne7 13. Rfc1 Qb6 14. Nb3 Nc6 15. Qd2 a5 16. Nc5 Nxc5 17. Rxc5 a4 18. Rac1 0-0 19. R1c3 Ra5 20. a3 h6 21. h4 Rfa8 22. Qc2 Rxc5 23. Rxc5 Ra5 24. Rc3 Rb5 25. Qxa4 Rxb2 26. Qa8+ Kh7 27. Qf8 Nxd4 28. Nxd4 Qxd4 29. Rg3 Rb1+ 30. Kh2 Qxh4+ 31. Rh3 Qf4+ 32. Rg3 Qh4+ 33. Rh3 Qxf2 34. Rf3 Qh4+ 35. Rh3 Qf4+ 36. Rg3 Qh4+ 37. Rh3 Qf4+ 38. Rg3 Rh1+ 39. Kxh1 Qxg3 40. Qxf7 Qh4+ 41. Kg1 Qe1+ 42. Kh2 Qxe5+ 43. g3 b5 44. Qf1 d4 45. Qd3+ Kg8 46. Qf3 Qd5 47. Qd3 Qc4 48. Qg6 d3 49. Qe8+ Kh7 50. Qd7 Qc2+ 0-1

[Event "SUI-chT"]
[Site "Switzerland"]
[Date "2024.05.26"]
[Round "4.8"]
[White "Cavadini, Tiziano"]
[Black "Guttulsrud, Odd Martin"]
[Result "0-1"]
[WhiteElo "1868"]
[BlackElo "2256"]
[PlyCount "104"]
[EventDate "2024.03.10"]
[EventType "team-tourn"]
[EventRounds "9"]
[EventCountry "SUI"]
[SourceTitle "EXT 2025"]
[Source "ChessBase"]
[SourceDate "2024.10.14"]
[SourceVersion "1"]
[SourceVersionDate "2024.10.14"]
[SourceQuality "1"]
[WhiteTeam "Mendrisio"]
[BlackTeam "Zuerich"]
[WhiteTeamCountry "SUI"]
[BlackTeamCountry "SUI"]

1. e4 c5 2. Nf3 d6 3. Bb5+ Nd7 4. 0-0 a6 5. Bd3 Ngf6 6. c3 g6 7. Bc2 Bg7 8. d4 e5 9. dxe5 dxe5 10. Nbd2 b5 11. Qe2 0-0 12. Rd1 Qc7 13. Nf1 Bb7 14. Ng3 c4 15. h4 Nc5 16. Bg5 Ne6 17. Nh2 h5 18. Qe3 Nxg5 19. Qxg5 Nh7 20. Qe3 Bf6 21. Nf3 Qe7 22. Qb6 Bc8 23. Qd6 Qxd6 24. Rxd6 Bg4 25. Nh2 Bxh4 26. Nxg4 hxg4 27. Nf1 Rfd8 28. Rad1 Be7 29. R6d5 Rxd5 30. Rxd5 Nf6 31. Rxe5 Bd6 32. Rg5 Kg7 33. e5 Kh6 34. f4 gxf3 35. Rg3 fxg2 36. exd6 gxf1Q+ 37. Kxf1 Rd8 38. a4 Rxd6 39. axb5 axb5 40. Ke2 Nh5 41. Rf3 f5 42. Re3 Rd5 43. b3 Nf4+ 44. Kf3 Kg5 45. bxc4 bxc4 46. Re1 Nd3 47. Ra1 Ne5+ 48. Ke3 Ng4+ 49. Ke2 Re5+ 50. Kd2 Kf4 51. Ra4 Ne3 52. Bb3 Re4 0-1

[Event "Mendrisio op"]
[Site "Mendrisio"]
[Date "2023.09.09"]
[Round "2"]
[White "Cavadini, Tiziano"]
[Black "Medici, Simone"]
[Result "0-1"]
[WhiteElo "1793"]
[BlackElo "2194"]
[PlyCount "126"]
[EventDate "2023.09.08"]
[EventType "swiss"]
[EventRounds "5"]
[EventCountry "SUI"]
[SourceTitle "CBM 216 Extra"]
[Source "ChessBase"]
[SourceDate "2023.11.30"]
[SourceVersion "1"]
[SourceVersionDate "2023.11.30"]
[SourceQuality "1"]

1. e4 g6 2. d4 Bg7 3. Nf3 c6 4. Bd3 d5 5. exd5 cxd5 6. 0-0 Bg4 7. c3 Nf6 8. h3 Bxf3 9. Qxf3 0-0 10. Re1 Nc6 11. Bf4 Rc8 12. Nd2 Re8 13. Nf1 Nh5 14. Bb5 Nxf4 15. Qxf4 Qb6 16. Bxc6 bxc6 17. Re2 c5 18. dxc5 Qxc5 19. Qa4 e5 20. Rd1 Red8 21. Nh2 d4 22. cxd4 Rxd4 23. Qb3 Qc4 24. Red2 Qxb3 25. axb3 Rb8 26. Rxd4 exd4 27. Rd3 Rc8 28. Nf3 Rc1+ 29. Kh2 Rc2 30. Nxd4 Be5+ 31. g3 Rxf2+ 32. Kg1 Rxb2 33. Nc6 Bc7 34. Ne7+ Kg7 35. g4 Bb6+ 36. Kf1 Kf6 37. Nd5+ Ke5 38. Nb4 Ke4 39. Rg3 Rf2+ 40. Kg1 Kf4 41. Rd3 Rd2+ 42. Kf1 Rxd3 43. Nxd3+ Kg3 44. Ke2 f6 45. b4 f5 46. gxf5 gxf5 47. Ne5 h5 48. Nd3 f4 49. Ne5 h4 50. b5 Bc7 51. Nc6 f3+ 52. Kf1 Bb6 53. Ne5 f2 54. Nd3 Bd4 55. Nc1 Kxh3 56. Ne2 Bb6 57. Nf4+ Kg4 58. Nd3 Kf3 59. Ne5+ Ke4 60. Ng4 Kd5 61. Nh2 Kc5 62. Nf3 h3 63. Nh2 Kxb5 0-1

[Event "Mendrisio op"]
[Site "Mendrisio"]
[Date "2022.09.09"]
[Round "1"]
[White "Cavadini, Tiziano"]
[Black "Luciani, Valerio"]
[Result "1/2-1/2"]
[WhiteElo "1611"]
[BlackElo "2142"]
[PlyCount "51"]
[EventDate "2022.09.09"]
[EventType "swiss"]
[EventRounds "5"]
[EventCountry "SUI"]
[SourceTitle "EXT 2023"]
[Source "ChessBase"]
[SourceDate "2022.10.05"]
[SourceVersion "1"]
[SourceVersionDate "2022.10.05"]
[SourceQuality "1"]

1. e4 c5 2. Nf3 d6 3. Bb5+ Bd7 4. Bxd7+ Qxd7 5. d3 Nc6 6. Be3 e6 7. Nbd2 Nf6 8. c3 Be7 9. d4 cxd4 10. cxd4 0-0 11. 0-0 Rfd8 12. Rc1 h6 13. Rc3 Qe8 14. Qe2 d5 15. e5 Nd7 16. Nb3 a5 17. a4 Ra6 18. Nc1 Rb6 19. Nd3 Rb8 20. Rfc1 Nb4 21. Nxb4 Rxb4 22. b3 b5 23. axb5 R4xb5 24. Rc8 Rxc8 25. Rxc8 Qxc8 26. Qxb5 1/2-1/2

[Event "Serpiano op"]
[Site "Serpiano"]
[Date "2021.11.28"]
[Round "5"]
[White "Cavadini, Sergio"]
[Black "Cavadini, Tiziano"]
[Result "0-1"]
[WhiteElo "1471"]
[BlackElo "1629"]
[PlyCount "86"]
[EventDate "2021.11.27"]
[EventType "swiss"]
[EventRounds "5"]
[EventCountry "SUI"]
[SourceTitle "CBM 205 Extra"]
[Source "ChessBase"]
[SourceDate "2022.01.31"]
[SourceVersion "1"]
[SourceVersionDate "2022.01.31"]
[SourceQuality "1"]

1. e4 e5 2. Nf3 Nc6 3. Bb5 a6 4. Ba4 Nf6 5. d3 b5 6. Bb3 Bc5 7. a3 0-0 8. 0-0 Bb7 9. Bg5 h6 10. Bd2 d6 11. Nc3 Re8 12. Qc1 Nh7 13. Nd5 Ne7 14. Nc3 Ng6 15. Ne2 Bc8 16. h3 Be6 17. Ba2 Bxa2 18. Rxa2 Nf6 19. Ng3 c6 20. b4 Bb6 21. Kh1 d5 22. Be3 Bxe3 23. fxe3 dxe4 24. dxe4 Qc7 25. c4 Rac8 26. c5 Rcd8 27. Raf2 Rd7 28. Nd2 Red8 29. Nf5 Nh7 30. Nd6 Rf8 31. Qd1 Nf6 32. Rxf6 gxf6 33. Rxf6 Kg7 34. Qf1 Qd8 35. Rf5 a5 36. Kh2 axb4 37. axb4 Rxd6 38. cxd6 Qxd6 39. Qf2 Qxb4 40. h4 Nxh4 41. Rxe5 Qd6 42. Qg3+ Ng6 43. Nf3 Kh7 0-1

[Event "Serpiano op"]
[Site "Serpiano"]
[Date "2021.11.27"]
[Round "3"]
[White "Cavadini, Tiziano"]
[Black "Milovs, Daniels"]
[Result "0-1"]
[WhiteElo "1629"]
[BlackElo "1786"]
[PlyCount "102"]
[EventDate "2021.11.27"]
[EventType "swiss"]
[EventRounds "5"]
[EventCountry "SUI"]
[SourceTitle "CBM 205 Extra"]
[Source "ChessBase"]
[SourceDate "2022.01.31"]
[SourceVersion "1"]
[SourceVersionDate "2022.01.31"]
[SourceQuality "1"]

1. e4 e6 2. d4 d5 3. exd5 exd5 4. Nf3 Bd6 5. Bd3 Ne7 6. 0-0 Bg4 7. Bg5 f6 8. Bh4 Nbc6 9. c3 Qd7 10. a4 g5 11. Bg3 0-0-0 12. b4 Ng6 13. Qc2 Nce7 14. Nbd2 Bf5 15. Bxf5 Qxf5 16. Qxf5+ Nxf5 17. Bxd6 Nxd6 18. g3 Rde8 19. Rfe1 g4 20. Rxe8+ Rxe8 21. Ne1 Re2 22. Rd1 Ne4 23. Nxe4 dxe4 24. Kf1 Ra2 25. a5 Ne7 26. Rc1 Nd5 27. Ng2 Ra3 28. Ne3 Nxe3+ 29. fxe3 Ra2 30. Kg1 Kd7 31. Rf1 Ke6 32. Rd1 Rc2 33. d5+ Ke5 34. Rd4 Rxc3 35. Kf2 Rc2+ 36. Kg1 f5 37. Kh1 Rc3 38. b5 Rxe3 39. b6 axb6 40. axb6 Kd6 41. bxc7 Rc3 42. Rb4 Rxc7 43. Rb6+ Kxd5 44. Rb5+ Ke6 45. Rb6+ Ke5 46. Rb5+ Kf6 47. Kg2 Rc2+ 48. Kg1 e3 49. Rxb7 Rc1+ 50. Kg2 e2 51. h4 e1Q 0-1

[Event "San Bernardino Spring op"]
[Site "San Bernardino"]
[Date "2021.05.08"]
[Round "2"]
[White "Aeschbacher, Dimitri"]
[Black "Cavadini, Tiziano"]
[Result "1-0"]
[WhiteElo "1355"]
[BlackElo "1634"]
[PlyCount "193"]
[EventDate "2021.05.07"]
[EventType "swiss"]
[EventRounds "5"]
[EventCountry "SUI"]
[SourceTitle "EXT 2022"]
[Source "ChessBase"]
[SourceDate "2021.10.06"]
[SourceVersion "1"]
[SourceVersionDate "2021.10.06"]
[SourceQuality "1"]

1. e4 e5 2. Nf3 Nc6 3. Bb5 a6 4. Ba4 Bc5 5. c3 b5 6. Bc2 d6 7. 0-0 Nf6 8. d4 Bb6 9. h3 h6 10. Re1 0-0 11. Be3 Ba7 12. Nbd2 Bb7 13. a4 exd4 14. cxd4 Ne7 15. e5 Nfd5 16. exd6 Qxd6 17. Ne4 Qd7 18. Qd3 Ng6 19. Ne5 Qe6 20. Nxg6 Qxg6 21. Ng3 Qxd3 22. Bxd3 Nxe3 23. fxe3 bxa4 24. Rxa4 Bb6 25. Be4 Bxe4 26. Nxe4 Rfe8 27. Nc3 Re6 28. Rc4 Ba5 29. b4 Bb6 30. Kf2 Rd8 31. Ra1 Ra8 32. Nd5 Rd6 33. Nxc7 Bxc7 34. Rxc7 Rb6 35. Rc4 Rab8 36. d5 Kf8 37. Rc6 Rxc6 38. dxc6 Rb6 39. Rc1 Rb8 40. Rc5 Rc8 41. e4 Ke7 42. e5 Ke6 43. Ke3 f6 44. exf6 Kxf6 45. c7 Ke7 46. Rc6 Kd7 47. Rg6 Rg8 48. Rxa6 Kxc7 49. Kf4 Rb8 50. Ra7+ Kd6 51. Rxg7 Rxb4+ 52. Kg3 h5 53. Rg5 h4+ 54. Kh2 Ke6 55. Kg1 Kf6 56. Rg8 Kf5 57. Rf8+ Kg5 58. Kf2 Rb2+ 59. Ke3 Rb3+ 60. Ke4 Rb4+ 61. Kd5 Kg6 62. Kc5 Ra4 63. Kd5 Kg7 64. Rf2 Ra3 65. Rf4 Ra2 66. Rg4+ Kf6 67. Ke4 Ra4+ 68. Kf3 Ra3+ 69. Kf2 Ra2+ 70. Kg1 Ra1+ 71. Kh2 Ra2 72. Rxh4 Kg5 73. Rg4+ Kh5 74. Rf4 Kg5 75. Rf8 Kg6 76. Kg3 Kg7 77. Rf2 Ra4 78. h4 Kh6 79. Kh3 Kh5 80. g4+ Kh6 81. h5 Kg5 82. Rf5+ Kh6 83. Kh4 Kg7 84. Rg5+ Kh6 85. Rg6+ Kh7 86. Re6 Kg7 87. h6+ Kf7 88. Rb6 Ra1 89. Rb3 Kg6 90. Rb6+ Kh7 91. Kh5 Rh1+ 92. Kg5 Rg1 93. Rb7+ Kh8 94. Rb4 Kh7 95. Rf4 Rh1 96. Rf7+ Kh8 97. Kg6 1-0

[Event "Locarno op 4th"]
[Site "Locarno"]
[Date "2019.04.05"]
[Round "1"]
[White "Boschetti, Claudio"]
[Black "Cavadini, Tiziano"]
[Result "1-0"]
[WhiteElo "2127"]
[BlackElo "1515"]
[PlyCount "45"]
[EventDate "2019.04.05"]
[EventType "swiss"]
[EventRounds "5"]
[EventCountry "SUI"]
[SourceTitle "CBM 190 Extra"]
[Source "ChessBase"]
[SourceDate "2019.07.15"]
[SourceVersion "1"]
[SourceVersionDate "2019.07.15"]
[SourceQuality "1"]

1. e4 e5 2. Bc4 Nf6 3. d3 Nc6 4. Nf3 Bc5 5. c3 0-0 6. a4 a5 7. 0-0 Re8 8. d4 exd4 9. cxd4 Bf8 10. Qb3 Qe7 11. e5 Ng4 12. h3 Nh6 13. Bxh6 gxh6 14. Nc3 Bg7 15. Nd5 Qd8 16. Nf6+ Bxf6 17. Bxf7+ Kh8 18. Bxe8 Qxe8 19. exf6 Qf8 20. d5 Nb4 21. d6 cxd6 22. Rfe1 d5 23. Qc3 1-0